| 000 | 00639nam a2200205Ia 4500 | ||
|---|---|---|---|
| 001 | 15268 | ||
| 003 | GE_BSU | ||
| 008 | 181216s||||||||xx |||||||||||||| ||und|| | ||
| 040 | _cGE_BSU | ||
| 080 | _a821.353.1-32 | ||
| 100 | _aშენგელაია,დემნა | ||
| 245 | _aმოთხრობები. ტ.1 | ||
| 260 | _aტფილისი | ||
| 260 | _bფედერაცია | ||
| 260 | _c1934 | ||
| 300 | _a427გვ.18სმ. | ||
| 300 | _eდანართი:ავტობიოგრაფიული ცნობები(424-425გვ.) | ||
| 653 | _aმოთხრობები. | ||
| 942 | _cBK | ||
| 999 |
_c48380 _d48380 |
||